[Event "Schleswig Holstein-ch U14 VM-B"]
[Site "Neumuenster"]
[Date "2005.03.22"]
[Round "6"]
[White "Knof, Henrike"]
[Black "Broemstrup, Bjoern"]
[Result "1-0"]
[WhiteElo "1073"]
[BlackElo "1200"]
[PlyCount "51"]
[EventDate "2005.03.19"]
[EventType "swiss"]
[EventRounds "9"]
[EventCountry "GER"]
[SourceTitle "EXT 2007"]
[Source "ChessBase"]
[SourceDate "2006.11.23"]
[SourceVersion "1"]
[SourceVersionDate "2006.11.23"]
[SourceQuality "1"]

1. e4 c5 2. Nf3 Nc6 3. d4 cxd4 4. Nxd4 g6 5. Nc3 Bg7 6. Be3 Nf6 7. Bc4 0-0 8. 0-0 d6 9. h3 a6 10. Qd2 e6 11. Bh6 Na5 12. Bd3 d5 13. e5 Nd7 14. Bxg7 Kxg7 15. Nf3 Qc7 16. Rfe1 Rd8 17. Qg5 Nc4 18. h4 Rf8 19. h5 f6 20. exf6+ Rxf6 21. hxg6 hxg6 22. Nd4 Nde5 23. Bxc4 Nxc4 24. Nce2 Nxb2 25. Ng3 Qc5 26. Nh5+ 1-0